<?xml version="1.0" encoding="UTF-8"?>
<record
    xmlns:xsi="http://www.w3.org/2001/XMLSchema-instance"
    xsi:schemaLocation="http://www.loc.gov/MARC21/slim http://www.loc.gov/standards/marcxml/schema/MARC21slim.xsd"
    xmlns="http://www.loc.gov/MARC21/slim">

  <leader>00815nam a2200133Ia 4500</leader>
  <controlfield tag="008">100328s9999    xx            000 0 und d</controlfield>
  <datafield tag="082" ind1=" " ind2=" ">
    <subfield code="b">59364</subfield>
  </datafield>
  <datafield tag="100" ind1=" " ind2=" ">
    <subfield code="a">&#x92A;&#x93E;&#x91F;&#x940;&#x932; &#x915;&#x92A;&#x93F;&#x932;-&#x938;&#x902;&#x92A;&#x93E;.</subfield>
  </datafield>
  <datafield tag="245" ind1=" " ind2=" ">
    <subfield code="a">&#x926;&#x947;&#x936;-&#x92E;&#x941;&#x916;&#x940; (&#x92E;&#x941;&#x916;&#x94D;&#x92F;&#x92E;&#x902;&#x924;&#x94D;&#x930;&#x940; &#x935;&#x93F;&#x932;&#x93E;&#x938;&#x930;&#x93E;&#x935; &#x926;&#x947;&#x936;&#x92E;&#x941;&#x916; &#x92F;&#x93E;&#x902;&#x91A;&#x94D;&#x92F;&#x93E; &#x92D;&#x93E;&#x937;&#x923;&#x93E;&#x902;&#x91A;&#x93E; &#x938;&#x902;&#x917;&#x94D;&#x930;&#x939;).</subfield>
  </datafield>
  <datafield tag="260" ind1=" " ind2=" ">
    <subfield code="b">&#x932;&#x94B;&#x915;&#x92E;&#x941;&#x926;&#x94D;&#x930;&#x93E;.</subfield>
  </datafield>
  <datafield tag="630" ind1=" " ind2=" ">
    <subfield code="a">&#x926;&#x947;&#x936;-&#x92E;&#x941;&#x916;&#x940; (&#x92E;&#x941;&#x916;&#x94D;&#x92F;&#x92E;&#x902;&#x924;&#x94D;&#x930;&#x940; &#x935;&#x93F;&#x932;&#x93E;&#x938;&#x930;&#x93E;&#x935; &#x926;&#x947;&#x936;&#x92E;&#x941;&#x916; &#x92F;&#x93E;&#x902;&#x91A;&#x94D;&#x92F;&#x93E; &#x92D;&#x93E;&#x937;&#x923;&#x93E;&#x902;&#x91A;&#x93E; &#x938;&#x902;&#x917;&#x94D;&#x930;&#x939;).</subfield>
  </datafield>
  <datafield tag="730" ind1=" " ind2=" ">
    <subfield code="a">&#x926;&#x947;&#x936;-&#x92E;&#x941;&#x916;&#x940; (&#x92E;&#x941;&#x916;&#x94D;&#x92F;&#x92E;&#x902;&#x924;&#x94D;&#x930;&#x940; &#x935;&#x93F;&#x932;&#x93E;&#x938;&#x930;&#x93E;&#x935; &#x926;&#x947;&#x936;&#x92E;&#x941;&#x916; &#x92F;&#x93E;&#x902;&#x91A;&#x94D;&#x92F;&#x93E; &#x92D;&#x93E;&#x937;&#x923;&#x93E;&#x902;&#x91A;&#x93E; &#x938;&#x902;&#x917;&#x94D;&#x930;&#x939;).</subfield>
  </datafield>
  <datafield tag="942" ind1=" " ind2=" ">
    <subfield code="c">BOOK</subfield>
  </datafield>
  <datafield tag="999" ind1=" " ind2=" ">
    <subfield code="c">545598</subfield>
    <subfield code="d">545595</subfield>
  </datafield>
  <datafield tag="952" ind1=" " ind2=" ">
    <subfield code="0">0</subfield>
    <subfield code="1">0</subfield>
    <subfield code="4">0</subfield>
    <subfield code="7">0</subfield>
    <subfield code="a">RNV</subfield>
    <subfield code="b">RNV</subfield>
    <subfield code="d">2010-03-28</subfield>
    <subfield code="l">0</subfield>
    <subfield code="p">RNV-59364</subfield>
    <subfield code="r">2010-03-28 00:00:00</subfield>
    <subfield code="w">2010-03-28</subfield>
    <subfield code="y">BOOK</subfield>
  </datafield>
</record>
